000 00199 a2200097 4500
001 69348
082 _a516.24 SPA
090 _c38682
_d38682
100 _aSparks Fred W
245 _aPlane Trigometry
942 _acaenust
_k516.24 SPA
999 _c304421
_d304421